| 000 | 00646nam a22001817a 4500 | ||
|---|---|---|---|
| 005 | 20251108165457.0 | ||
| 008 | 250721s1980 xx 000 0 ara d | ||
| 082 | 1 | 4 | _aم/398.9/سلا |
| 100 | 1 | _aإبن سلام، أبي عبيد القاسم بن سلام الهروي | |
| 245 | 1 | 0 | _aكتاب الأمثال / |
| 264 | 1 |
_aمكة المكرمة : _bمركز البحث العلمي و إحياء التراث الإسلامي، _c1980. |
|
| 300 | _a507ص | ||
| 490 | 0 | _aمن التراث الإسلامي ؛ 7 | |
| 650 | 1 | 7 | _aالأمثال |
| 700 | 1 |
_aقطامش، عبد المجيد _eتحقيق |
|
| 942 |
_2ddc _cREF |
||
| 999 |
_c28849 _d28849 |
||